000 00436nam a2200181Ia 4500
003 OSt
005 20230511142757.0
008 210210b1915 xxu||||| |||| 00| 0 eng d
040 _cAL
041 _aFrench
082 _a444/63
100 _aFRAZER (Mrs J G)
_9103203
245 _aLa maison aux panonceaux
260 _aCambridge
_bAt the University Press
_c1915
690 _aFrench
_9103204
906 _a006258
942 _2ddc
_cBK
999 _c129277
_d129277